| 000 | 00465nam a22001817a 4500 | ||
|---|---|---|---|
| 005 | 20260204161401.0 | ||
| 008 | 260204b |||||||| |||| 00| 0 eng d | ||
| 020 | _a978-1-260-09218-9 | ||
| 100 | _aSMITH, ANNE M. | ||
| 245 | _aWARDLAW'S CONTEMPORARY NUTRITION | ||
| 250 | _a11TH ED | ||
| 260 |
_aNEW YORK _bMCGRAW HILL _c2019 |
||
| 300 | _aXXVI, 681P. | ||
| 500 | _aINCLUDES INDEX | ||
| 650 | _aDIETETICS | ||
| 700 | _aCOLLENE, ANGELA L. | ||
| 942 |
_2lcc _cBK |
||
| 999 |
_c216544 _d216544 |
||